书目信息 |
| 题名: |
数据库及其应用
|
|
| 作者: | 姚卿达 编著 | |
| 分册: | ||
| 出版信息: | 北京 科学出版社 1987 |
|
| 页数: | 287页 | |
| 开本: | 19cm | |
| 丛书名: | 计算机基础知识丛书 | |
| 单 册: | ||
| 中图分类: | TP392 | |
| 科图分类: | ||
| 主题词: | 计算机应用 | |
| 电子资源: | ||
| ISBN: | ||
| 000 | 00696nam2 2200265 45 | |
| 001 | 0187007441 | |
| 005 | 20040701102742.2 | |
| 010 | @dCNY2.20 | |
| 091 | @a15031.800 | |
| 100 | @a19900808d1987 em y0chiy0121 ea | |
| 101 | 0 | @achi |
| 102 | @aCN@b110000 | |
| 105 | @ay z 000yy | |
| 106 | @ar | |
| 200 | 10 | @a数据库及其应用@Ashu ju ku ji qi ying yong@f姚卿达编著 |
| 210 | @a北京@c科学出版社@d1987 | |
| 215 | @a287页@d19cm | |
| 225 | 2 | @a计算机基础知识丛书 |
| 410 | 0 | @120010@a计算机基础知识丛书 |
| 606 | 0 | @a计算机应用 |
| 690 | @aTP392@v3 | |
| 701 | 0 | @a姚卿达@Ayao qing da@4编著 |
| 801 | 0 | @aCN@b深圳图书馆@c20040519 |
| 801 | 2 | @aCN@bNLC@c20040519 |
| 905 | @f1@b203913@dTP392@e12 | |
| 数据库及其应用/姚卿达编著.-北京:科学出版社,1987 |
| 287页;19cm.-(计算机基础知识丛书) |
| ISBN :CNY2.20 |
| ● |
| 相关链接 |
|
|
|
|
正题名:数据库及其应用
索取号:TP392/12
 
预约/预借
| 序号 | 登录号 | 条形码 | 馆藏地/架位号 | 状态 | 备注 |
| 1 | 0203909 | 001642280 | 密集书库/ [索取号:TP392/12] | 在馆 | |
| 2 | 0203910 | 001642235 | 密集书库/ [索取号:TP392/12] | 在馆 | |
| 3 | 0203911 | 001642155 | 密集书库/ [索取号:TP392/12] | 在馆 | |
| 4 | 0203912 | 001332310 | 密集书库/ [索取号:TP392/12] | 在馆 | |
| 5 | 0203913 | 001943589 | 密集书库/ [索取号:TP392/12] | 在馆 | |
| 6 | 0203914 | 001642413 | 第二样本阅览室/ [索取号:TP392/12] | 在馆 |